| 000 | 00971nam a22003137a 4500 | ||
|---|---|---|---|
| 001 | 105 | ||
| 003 | FISKH | ||
| 005 | 20250404112552.0 | ||
| 008 | 230224b cb ||||| |||| 00| 0 eng d | ||
| 010 | _a 83082959 | ||
| 040 |
_aDLC _cDLC _dDLC _dFISKH _beng |
||
| 050 | 0 | 0 |
_aTH375 _b.D87 1984 |
| 082 | 0 | 0 |
_a690 _219 |
| 100 | 1 | _aDupasquier, Philippe. | |
| 245 | 1 | 4 |
_aThe building site / _cby Philippe Dupasquier. |
| 260 |
_aLondon : _bWalker Books, _c1984 |
||
| 300 |
_a11 leaves of plates : _bcolor illustrations ; _c20 cm. |
||
| 490 | 1 | _aBusy places | |
| 505 | _aF | ||
| 520 | _aIn a day at the construction site of a skyscraper, the various machines and workers do their jobs. | ||
| 521 | 8 |
_a400
_bLexile |
|
| 521 | 8 |
_aF
_bRaz-Plus |
|
| 650 | 0 |
_aBuilding sites _xJuvenile literature. |
|
| 650 | 1 | _aConstruction equipment. | |
| 650 | 1 | _aMachinery. | |
| 650 | 1 | _aBuilding. | |
| 906 |
_a7 _bcbc _corignew _d3 _eopcn _f19 _gy-gencatlg |
||
| 942 |
_2ddc _cBK _n0 |
||
| 999 |
_c105 _d105 |
||